| 000 | 00560nam a22001937a 4500 | ||
|---|---|---|---|
| 005 | 20240522112459.0 | ||
| 010 | _aENG-140457 | ||
| 020 |
_c900.00 _a9788184201741 |
||
| 035 | _aEN-123989 | ||
| 037 | _bDBAD | ||
| 082 | _a338.432 | ||
| 100 |
_aChaudhary, S.K. _966720 |
||
| 245 |
_aRural Economy/ _cBy S.K. Chaudhary |
||
| 260 |
_bSumit Enterprises _c2009 _aNew Delhi |
||
| 270 |
_a4649B/21, Ansari Road, Darya Ganj, _bNew Delhi _e110002 |
||
| 300 |
_a295p. _c22cm(Hb) |
||
| 500 | _aBibliography, Index | ||
| 942 |
_2ddc _cEN _h338.432 _mCHA |
||
| 999 |
_c203147 _d203147 |
||